000 00703nam a22001935i 4500
001 163769
003 ES-MaACL
005 20251114140019.0
008 990309s1885 pr |||| | spa d
040 _aCCPB | B
_bspa
_cCCPB | B
100 1 _aRodríguez de Tió, Lola.
_998475
245 1 0 _aClaros y nieblas
_b: poesias /
_cLola Rodriguez de Tio ; con un prólogo de Carlos Peñaranda, y un juicio de Cecilio Acosta.
260 _aMayaguez :
_b[s.n.],
_c1885 (
_fTipografía Comercial)
300 _aXXIX, 333 p. ;
_c20 cm.
700 1 _aPeñaranda Carlos,
_d1848-1908
_9131101
700 1 _aAcosta, Cecilio.
_918291
852 _aES-MaACL
_jG-3625
_z-- Enc. ed. en tela
999 _c163769
_d163769